Loading...
| History - American History | 2 | 2 | 0 | 2 | 50 | 47 | 92.25 | 0 | 4 |
| History - World History | 1 | 1 | 0 | 1 | 25 | 66 | 98.50 | 0 | 2 |
| Arts - Music | 1 | 0 | 0 | 0 | 15 | 68 | 68.00 | 1 | 1 |
| Beliefs - Religion | 0 | 1 | 0 | 0 | 10 | 94 | 94.00 | 0 | 0 |
| History - Euro History | 0 | 1 | 0 | 1 | 10 | 126 | 126.00 | 0 | 1 |
| History - Other History | 0 | 1 | 0 | 0 | 10 | 137 | 137.00 | 0 | 1 |
| Literature - British Lit | 0 | 1 | 0 | 1 | 10 | 150 | 150.00 | 1 | 1 |
| Other - Other Academic | 0 | 1 | 0 | 0 | 10 | 110 | 110.00 | 0 | 1 |
| Science - Other Science | 0 | 1 | 0 | 0 | 10 | 116 | 116.00 | 0 | 0 |
| Science - Physics | 0 | 1 | 0 | 1 | 10 | 143 | 143.00 | 0 | 0 |
| Arts - Painting | 0 | 1 | 0 | 1 | 10 | 125 | 125.00 | 0 | 0 |
| Beliefs - Mythology | 0 | 1 | 0 | 1 | 10 | 137 | 137.00 | 0 | 1 |